Devine le personnage derrière ces acteurs de films et séries - Statistiques

Statistiques générales
  • Ce quiz a été pris 47 fois
  • Le résultat moyen est 33 sur 111
Statistiques - réponses
Films / Serie Acteurs Personnages % Correct
Harry Potter Daniel Radcliffe Harry Potter
100%
Harry Potter Emma Watson Hermione Granger
98%
Harry Potter Rupert Grint Ron Weasley
88%
Harry Potter Michael Gambon | Richard Harris Albus Dumbledore
68%
Pirates de Caraïbes Johnny Deep Jack Sparrow
65%
Marvel Tom Holland | Andrew Garfield | Tobey Maguire Peter Parker | Spider Man
65%
Harry Potter Alan Rickman Severus Rogue
65%
Marvel Robert Downey Jr Tony Stark | Iron Man
65%
Harry Potter Tom Felton Drago Malefoy
63%
Harry Potter Gary Oldman Sirius Black
63%
Marvel Mark Ruffalo Bruce Banner | Hulk
60%
Marvel Chris Evans Steve Rogers | Captain America
60%
Marvel Chris Hemsworth Thor
60%
Mercredi Jenna Ortega Mercredi Addams
55%
Marvel Scarlett Johanson Natasha Romanoff | Black Widow
53%
Marvel Chadwick Boseman T'Challa | TChalla | Black Panther
53%
Harry Potter Helena Bonham Carter Bellatrix Lestrange
50%
Batman Christian Bale | Robert Pattinson | Ben Affleck Bruce Wayne
50%
Forrest Gump Tom Hanks Forrest Gump
50%
Indiana Jones Harrinson Ford Indiana Jones
50%
James Bond Daniel Craig | Sean Connery James Bond
50%
Harry Potter Maggie Smith Minerva McGonagall
50%
Rocky Sylverster Stallone Rocky Balboa
50%
Harry Potter Ralph Fiennes Voldemort
50%
John Wick Keanu Reeves John Wick
48%
Marvel Benedict Cumberbatch Stephen Strange | Doctor Strange
48%
Superman Henry Cavill Clark Kent
45%
Harry Potter Bonnie Wright Ginny Weasley
45%
Hunger Games Jennifer Lawrence Katniss Everdeen
45%
Marvel Tom Hiddleston Loki
45%
Star Wars Mark Hamill Luke Skywalker
43%
Sherlock Robert Downey Jr | Benedicy Cumberbatch Sherlock Holmes
43%
X-Men Hugh Jackman Wolverine
43%
Star Wars Hayden Christensen Anakin Skywalker
40%
Marvel Brie Larson Carol Danvers | Captain Marvel
38%
Marvel Jeremy Renner Clint Barton | Oeil de Faucon
38%
Game of Thrones Kit Harington Jon Snow
38%
Mr Bean Rowan Atkinson Mr Bean
38%
Marvel Elizabeth Olsen Wanda Maximoff | Wanda
38%
Matrix Keanu Reeves Neo
35%
Star Wars Ewan McGregor Obi-Wan Kenobi
35%
Breaking Bad Bryan Cranston Walter White
35%
Star Wars Harrison Ford Han Solo
33%
Logan Hugh Jackman Logan
33%
Harry Potter Jason Isaacs Lucius Malefoy
33%
Grey's Anatomy Ellen Pompeo Meredith Grey
33%
Harry Potter Matthew Lewis Neville Londubat
33%
Deadpool Ryan Reynolds Deadpool
30%
Fast and Furious Vin Diesel Dom Toretto | Dominic Toretto
30%
Johnny English Rowan Atkinson Johnny English
30%
X-Men Michael Fassbender | Ian McKellen Magneto
30%
Titanic Leonardo DiCaprio Jack Dawson
28%
Star Wars Carrie Fisher Leia Organa
28%
Flash Ezra Miller Barry Allen
25%
Mad Max Tom Hardy Mad Max
25%
Ace Ventura Jim Carrey Ace Ventura
23%
Friends Matthew Perry Chandler Bing
23%
Game of Thrones Emilia Clarke Daenerys Targaryen
23%
Le Silence des agneaux Anthony Hopkins Hannibal Lecter
23%
Friends Courtney Cox Monica Geller
23%
Friends Jennifer Aniston Rachel Green
23%
Friends David Schwimmer Ross Geller
23%
Pirates de Caraïbes Orlando Bloom Will Turner
23%
Game of Thrones Maisie Williams Arya Stark
20%
Pirates de Caraïbes Keira Knightley Elizabeth Swann
20%
Gladiator Russell Crowe Maximus
20%
Prison Break Wentworth Miller Michael Scofield
20%
Terminator Arnold Schwarzenegger Terminator
20%
Marvel Josh Brolin Thanos
20%
Marvel Paul Bettany Vision
20%
Game of Thrones Lena Headey Cersei Lannister
18%
Wonder Woman Gal Gadot Diana Prince
18%
Mission Impossible Tom Cruise Ethan Hunt
18%
Friends Matt LeBlanc Joey Tribbiani
18%
Harry Potter David Thewlis Remus Lupin
18%
Riddick Vin Diesel Riddick
18%
Scarface Al Pacino Tony Montana
18%
Le Parrain Marlon Brando | Robert De Niro Vito Corleone
18%
Fast and Furious Paul Walker | Cody Walker Brian O Conner | Brian O'Conner
15%
Harry Potter Imelda Staunton Dolores Ombrage
15%
Freddy Robert Englund Freddy Krueger
15%
Hunger Games Liam Hemsworth Gale Hawthorne | Gale
15%
Breaking Bad Aaron Paul Jesse Pinkman
15%
Prison Break Dominic Purcell Lincoln Burrows
15%
The Walking Dead Andrew Lincoln Rick Grimes
15%
The Big Bang Theory Jim Parsons Sheldon Cooper
15%
The Mask Jim Carrey The Mask
15%
Game of Thrones Peter Dinklage Tyrion Lannister
15%
The Walking Dead Norman Reedus Daryl Dixon
13%
X-Men Famke Janssen Jean Grey
13%
Le Parrain Al Pacino Michael Corleone
13%
X-Men Jennifer Lawrence Mystique
13%
How I Met Your Mother Josh Radnor Ted Mosby
13%
How I Met Your Mother Neil Patrick Harris Barney Stinson
10%
The Witcher Henry Cavill | Liam Hemsworth Geralt de Riv
10%
How I Met Your Mother Jason Segel Marshall Eriksen
8%
Hunger Games Josh Hutcherson Peter Mellark
8%
Titanic Kate Winslet Rose DeWitt Bukater
8%
Joker Joaquin Phoenix Arthur fleck
5%
Halloween Nick Castle Michael Myers
5%
Aquaman Jason Momoa Arthur Curry
3%
Vendredi 13 Kane Hodder Jason Voorhees
3%
You Penn Badgley Joey Goldberg
3%
The Big Bang Theory Kaley Cuoco Penny
3%
Ghostbusters Bill Murray Peter Venkman
3%
X-Men James McAvoy | Patrick Stewart Professor X
3%
Le Silence des agneaux Jodie Foster Clarice Starling
0%
Blade Runner Harrison Ford Deckard
0%
Slumdog Millionaire Dev Patel Jamal Malik
0%
The Big Bang Theory Johnny Galecki Leonard Hofstadter
0%
Millenium Rooney Mara Lisbeth Salander
0%
Aucun quiz correspondant
Distribution des résultats
% des personnes avec chaque résultat
Percentile par nombre de réponses
Votre historique - résultats
Vous n’avez pas pris ce quiz